Problemas de antropología cultural / (Record no. 17577)

000 -CABECERA
fixed length control field 00813nam a22002177a 4500
003 - IDENTIFICADOR DEL NÚMERO DE CONTROL
control field AR-CdUCM
008 - DATOS DE LONGITUD FIJA--INFORMACIÓN GENERAL
fixed length control field 190509b ||||| |||| 00| 0 spa d
040 ## - FUENTE DE LA CATALOGACIÓN
Agencia/entidad que catalogó originalmente la obra MUNICIPALIDAD PROVINCIAL DEL CUSCO
Entidad que transcribió la catalogación BIBLIOTECA MUNICIPAL DEL CUSCO
082 ## - NÚMERO DE LA CLASIFICACIÓN DECIMAL DEWEY
No. de Clasificación 301.2 /
Notacion interna R85
100 ## - ENTRADA PRINCIPAL--NOMBRE DE PERSONA
Nombre Personal Rothacker, Erich
245 ## - MENCIÓN DE TÍTULO
Título Problemas de antropología cultural /
260 ## - PUBLICACIÓN, DISTRIBUCIÓN, ETC.
Lugar de publicación, distribución, etc. México, D. F :
Nombre de la editorial, distribuidor, etc. Fondo de Cultura Económica,
Fecha de publicación, distribución, etc. 1957.
300 ## - DESCRIPCIÓN FÍSICA
Nº de Páginas Extensión 196 páginas ;
Dimensiones 21 cm.
440 ## - MENCIÓN DE SERIE/PUNTO DE ACCESO ADICIONAL--TÍTULO
Título Sección de obras de filosofía
9 (RLIN) 31716
505 ## - NOTA DE CONTENIDO CON FORMATO
Nota de contenido formateada Contenido: El hombre como ente activo -- El engranaje de las altas culturas -- La tensión entre unidad y variedad culturales...
650 ## - PUNTO DE ACCESO ADICIONAL DE MATERIA--TÉRMINO DE MATERIA
Descriptor Etnología
9 (RLIN) 1915
650 ## - PUNTO DE ACCESO ADICIONAL DE MATERIA--TÉRMINO DE MATERIA
Descriptor Ciencias sociales
9 (RLIN) 1096
650 ## - PUNTO DE ACCESO ADICIONAL DE MATERIA--TÉRMINO DE MATERIA
Descriptor Antropología
9 (RLIN) 878
942 ## - ELEMENTOS DE PUNTO DE ACCESO ADICIONAL (KOHA)
Fuente de clasificación
Tipo de item Libros-BMC
945 ## - PROCESAMIENTO DE INFORMACIÓN LOCAL (OCLC)
Catalogador davv
AAAA-MM-DD - Fecha de ingreso o modificacion 2019-05-09
Holdings
Estado de retiro (separado) Fuente de clasificación o esquema de estanterías Estado dañado Ubicación Sala donde se ubica Nombre de la colección Fecha de adquisición o compra Costo, precio normal en soles Signatura topográfica Código de Barras Última vez visto (Koha) Tipo de ítem (Koha)
No     Sala Humanidades Sala Humanidades Book Cart 2019-05-09 25.00 301.2 / R85 SH0000012631 2019-05-09 Libros-BMC
No     Sala Humanidades Sala Humanidades Book Cart 2019-05-29 25.00 301.2 / R85 / e.2 SH0000014755 2019-05-29 Libros-BMC

Powered by Koha